| 000 | 00661cab a2200193 4500 | ||
|---|---|---|---|
| 001 | ABS36828 | ||
| 008 | 090401t1986 xxu||||| |||| 00| 0 eng d | ||
| 035 | _a(Sirsi) u517 | ||
| 041 | _aeng | ||
| 100 | _aStoneman, A. | ||
| 245 | _aProtective coatings for steel : initial costs in perspective | ||
| 260 | _c1986 | ||
| 350 | _a0 | ||
| 490 |
_aCivil Engineering _vSeptember 1986, p35-37 (3) |
||
| 520 | _aA report based on the results of a survey which was carried out to determine the comparative costs of protecting steelwork using zinc , aluminium and paint coatings. | ||
| 690 | _aBUILT ENVIRONMENT-BUILDING MATERIALS | ||
| 942 | _n0 | ||
| 948 | _c04/03/1997 | ||
| 999 |
_c236 _d236 |
||